000 00637nam a2200193Ii 4500
003 JO-AjNU
008 230605s9999||||xx |||||||||||||| ||und||
040 _aJO-AjNU
_bara
_erda
_cJO-AjNU
041 _aara
050 1 4 _aPJ 6106 .S42
100 3 _aشعير، محمد رزق,
_eauthor
_924291
245 0 0 _aالجمل المحتملة للإسمية والفعلية
264 3 1 _aالمنصورة: مكتبة جزيرة الورد، د.ت
300 _a241ص
336 _atext
_btxt
_2rdacontent
337 _aunmediated
_bn
_2rdamedia
338 _avolume
_bnc
_2rdacarrier
650 4 _aاللغة العربية - نحو
_924292
999 _aA8922
_c12490
_d12490